Contribution a la collection des varietes de radis chinois a la station experimentale de l'universite royale d'agricuture, (Record no. 1486)

000 -LEADER
fixed length control field 00488nam a22001577a 4500
003 - CONTROL NUMBER IDENTIFIER
control field OSt
005 - DATE AND TIME OF LATEST TRANSACTION
control field 20150929162254.0
008 - FIXED-LENGTH DATA ELEMENTS--GENERAL INFORMATION
fixed length control field 150929b xxu||||| |||| 00| 0 eng d
040 ## - CATALOGING SOURCE
Transcribing agency RUA
082 ## - DEWEY DECIMAL CLASSIFICATION NUMBER
Classification number AGR SRY 2002 B061 Or.1
100 ## - MAIN ENTRY--PERSONAL NAME
9 (RLIN) 1575
Personal name SRY CHANRATHA
245 ## - TITLE STATEMENT
Title Contribution a la collection des varietes de radis chinois a la station experimentale de l'universite royale d'agricuture,
260 ## - PUBLICATION, DISTRIBUTION, ETC. (IMPRINT)
Place of publication, distribution, etc. phnom penh
Name of publisher, distributor, etc. RUA
Date of publication, distribution, etc. 2002
300 ## - PHYSICAL DESCRIPTION
Extent 48p.
Other physical details ill.
Dimensions 29cm.
942 ## - ADDED ENTRY ELEMENTS (KOHA)
Source of classification or shelving scheme
Koha item type AGR
Holdings
Price effective from Date last seen Permanent Location Not for loan Date acquired Source of classification or shelving scheme Koha item type Barcode Lost status Damaged status Shelving location Withdrawn status Current Location Full call number
2015-09-292015-09-29Library Block B 2015-09-29 AGRRUA006963  B061 Library Block BAGR SRY 2002 B061 Or.1
2015-09-292015-09-29Library Block B 2015-09-29 AGRRUA006396  B061 Library Block BAGR SRY 2002 B061 Or.2
2015-09-292015-09-29Library Block B 2015-09-29 AGRRUA006315  B061 Library Block BAGR SRY 2002 B061 Or.3
2015-09-292015-09-29Library Block B 2015-09-29 AGRRUA006407  B061 Library Block BAGR SRY 2002 B061 Or.4
2015-09-292015-09-29Library Block B 2015-09-29 AGRRUA006029  B061 Library Block BAGR SRY 2002 B061 Or.5
2015-09-292015-09-29Library Block B 2015-09-29 AGRRUA006890  B061 Library Block BAGR SRY 2002 B061 Or.6
មជ្ឈមណ្ឌលឯការនៃសាកលវិទ្យាល័យភូមិន្ទកសិកម្មចំការដូង

Powered by Koha